Vista normal Vista MARC

Entrada Topical Term

Número de registros utilizados en: 1

001 - CONTROL NUMBER

  • control field: 38450

003 - CONTROL NUMBER IDENTIFIER

  • control field: OSt

005 - DATE AND TIME OF LATEST TRANSACTION

  • control field: 20210714115810.0

008 - FIXED-LENGTH DATA ELEMENTS

  • fixed length control field: 210714|| aca||aabn | a|a d

040 ## - CATALOGING SOURCE

  • Original cataloging agency: OSt
  • Transcribing agency: OSt

150 ## - HEADING--TOPICAL TERM

  • Topical term or geographic name entry element: Mercado capital
  • Geographic subdivision: Chile

670 ## - SOURCE DATA FOUND

  • Source citation: Work cat.: (OSt)11908: Fontaine, Juan Andrés. autor 26776, La construcción de un mercado de capitales :, 1996.